Abnormal Psychology: (Record no. 14851)

000 -LEADER
fixed length control field 00683nam a22001937a 4500
008 - FIXED-LENGTH DATA ELEMENTS--GENERAL INFORMATION
fixed length control field 161010b xxu||||| |||| 00| 0 eng d
020 ## - INTERNATIONAL STANDARD BOOK NUMBER
International Standard Book Number 0205175783
050 ## - LIBRARY OF CONGRESS CALL NUMBER
Classification number RC 454 .W543 1995
100 ## - MAIN ENTRY--PERSONAL NAME
Personal name Wilson, G Terence
245 ## - TITLE STATEMENT
Title Abnormal Psychology:
Remainder of title inegrating perspective/
Statement of responsibility, etc. G. Terence Wilson, Peter E. Nathan, O'Leary and Lee Anna Clark
260 ## - PUBLICATION, DISTRIBUTION, ETC. (IMPRINT)
Place of publication, distribution, etc. Boston:
Name of publisher, distributor, etc. Allyn and Bacon,
Date of publication, distribution, etc. 1995
300 ## - PHYSICAL DESCRIPTION
Extent xxi, 778p. :
Other physical details ill. ;
500 ## - GENERAL NOTE
General note Includes bibliographical references and index.
650 ## - SUBJECT ADDED ENTRY--TOPICAL TERM
Topical term or geographic name as entry element Psychology, pathological
700 ## - ADDED ENTRY--PERSONAL NAME
Personal name Nathan, Peter E.
700 ## - ADDED ENTRY--PERSONAL NAME
Personal name O'Leary, K. Daniel
700 ## - ADDED ENTRY--PERSONAL NAME
Personal name Clark, Lee Ann
942 ## - ADDED ENTRY ELEMENTS (KOHA)
Source of classification or shelving scheme
Koha item type Hard Covered Materials
Classification part RC 454 .W543 1995
Holdings
Withdrawn status Lost status Source of classification or shelving scheme Damaged status Not for loan Home library Current library Shelving location Date acquired Source of acquisition Total Checkouts Full call number Barcode Date last seen Price effective from Koha item type
          MACHAKOS UNIVERSITY LIBRARY MACHAKOS UNIVERSITY LIBRARY Open shelf 10/10/2016 Donation (BFA)   RC 454 .W543 1995 21925 06/06/2019 10/10/2016 Hard Covered Materials
© Machakos University Library, Along The Highway, Machakos Wote Rd, Machakos, Kenya P.O. Box 136 - 90100 Machakos - Kenya

Tel: ( +254 ) 723 805829 OR Fax : 044-20353 OR Email: library@mksu.ac.ke